01384 a2200229 4500003000500000005001700005010001600022020004700038020004000085040000900125082001400134100001600148245008800164250001200252260005400264300003500318505071700353650001701070650002701087650002901114651001101143Nust20170207154034.0 a 00025836 a076681825X (core test : pbk. : alk. paper) a0766818268 (IG : pbk. : alk. paper) cNust00a621.36/921 aHayes, Jim,10aFiber optics technician's manual(E-BOOK)cJim Hayes and the instructors of Fiber U. a2nd ed. aAustralia ;aAlbany :bDelmar Publishers,cc2001. axiii, 242 p. :bill. ;c24 cm. aThe Origins of Fiber Optic Communications (Page-1) Basics of Fiber Optics (Page-13) Fiber Optic Networks (Page-31)Optical Fiber Cables (Page-41) Specifying Fiber Optic Cable (Page-57) Fiber Optic Connectors, Splices, and Tools (Page-73) Fiber Optic Hardware (Page-89) Getting Started in Fiber Optics (Page-99) Guidelines for Fiber Optic Design and Installation (Page-105) Cable Plant Link Loss Budget Analysis (Page-111) Fiber Optic Installation Safety (Page-115) Planning the Installation (Page-119) Fiber Optic Cable Plant Documentation (Page-125) Estimating and Bidding Fiber Optic Installation (Page-131) Fiber Optic Cable Pulling (Page-143) Fiber Optic Restoration (Page-153) Fiber Optic Testing (Page-165) 0aFiber optics 0aOptical communications 0aTelecommunication cables aE-BOOK